| 000 | 00487nam a2200145Ia 4500 | ||
|---|---|---|---|
| 008 | 231217s9999 xx 000 0 und d | ||
| 041 | _aEnglish | ||
| 082 | _a001.6424 KEI1;1 R | ||
| 100 | _aKeil Software. | ||
| 245 | 0 | _aA51 assembler, A251 assembler : macro assemblers for the 8051 and MCS 251 micro controllers | |
| 260 |
_c1995 _bKeil Software _aTexas |
||
| 300 | _ax+232 | ||
| 650 | _aA51,assembler,,A251,assembler,macro,assemblers,8051,MCS,251,micro,controllers | ||
| 942 | _cAA | ||
| 999 |
_c183529 _d183529 |
||